Dacie and Lewis practical haematology / (Record no. 14096)
[ view plain ]
| 000 -LEADER | |
|---|---|
| fixed length control field | 01245cam a22003494a 4500 |
| 003 - CONTROL NUMBER IDENTIFIER | |
| control field | OSt |
| 005 - DATE AND TIME OF LATEST TRANSACTION | |
| control field | 20140310182528.0 |
| 008 - FIXED-LENGTH DATA ELEMENTS--GENERAL INFORMATION | |
| fixed length control field | 050909s2006 paua b 001 0 eng |
| 010 ## - LIBRARY OF CONGRESS CONTROL NUMBER | |
| LC control number | 2005053767 |
| 020 ## - INTERNATIONAL STANDARD BOOK NUMBER | |
| International Standard Book Number | 0443066604 (pbk.) |
| 020 ## - INTERNATIONAL STANDARD BOOK NUMBER | |
| International Standard Book Number | 9780443066603 (pbk.) |
| 050 00 - LIBRARY OF CONGRESS CALL NUMBER | |
| Classification number | RB 45 |
| Item number | .D24 2006 |
| 245 00 - TITLE STATEMENT | |
| Title | Dacie and Lewis practical haematology / |
| Statement of responsibility, etc | [edited by] S. Mitchell Lewis, Barbara J. Bain, Imelda Bates. |
| 246 30 - VARYING FORM OF TITLE | |
| Title proper/short title | Practical haematology |
| 250 ## - EDITION STATEMENT | |
| Edition statement | 10th ed. |
| 260 ## - PUBLICATION, DISTRIBUTION, ETC. (IMPRINT) | |
| Place of publication, distribution, etc | Philadelphia : |
| Name of publisher, distributor, etc | Churchill Livingstone/Elsevier, |
| Date of publication, distribution, etc | c2006. |
| 300 ## - PHYSICAL DESCRIPTION | |
| Extent | 722 p. : |
| Other physical details | col. ill. ; |
| Dimensions | 24 cm. |
| 500 ## - GENERAL NOTE | |
| General note | Includes bibliographical references and index. |
| 650 #0 - SUBJECT ADDED ENTRY--TOPICAL TERM | |
| Topical term or geographic name as entry element | Blood |
| General subdivision | Examination. |
| 9 (RLIN) | 9586 |
| 650 #0 - SUBJECT ADDED ENTRY--TOPICAL TERM | |
| Topical term or geographic name as entry element | Hematology |
| General subdivision | Technique. |
| 9 (RLIN) | 9587 |
| 650 12 - SUBJECT ADDED ENTRY--TOPICAL TERM | |
| Topical term or geographic name as entry element | Hematologic Diseases |
| General subdivision | diagnosis. |
| 9 (RLIN) | 9588 |
| 650 12 - SUBJECT ADDED ENTRY--TOPICAL TERM | |
| Topical term or geographic name as entry element | Hematologic Tests. |
| 9 (RLIN) | 9589 |
| 650 22 - SUBJECT ADDED ENTRY--TOPICAL TERM | |
| Topical term or geographic name as entry element | Blood. |
| 9 (RLIN) | 8127 |
| 650 22 - SUBJECT ADDED ENTRY--TOPICAL TERM | |
| Topical term or geographic name as entry element | Laboratory Techniques and Procedures. |
| 9 (RLIN) | 7715 |
| 700 1# - ADDED ENTRY--PERSONAL NAME | |
| Personal name | Lewis, S. M. |
| Fuller form of name | (Shirley Mitchell) |
| 9 (RLIN) | 9590 |
| 700 1# - ADDED ENTRY--PERSONAL NAME | |
| Personal name | Bain, Barbara J. |
| 9 (RLIN) | 9591 |
| 700 1# - ADDED ENTRY--PERSONAL NAME | |
| Personal name | Bates, Imelda. |
| 9 (RLIN) | 9592 |
| 700 1# - ADDED ENTRY--PERSONAL NAME | |
| Personal name | Dacie, John V. |
| Fuller form of name | (John Vivian), |
| Titles and other words associated with a name | Sir. |
| 9 (RLIN) | 9593 |
| 700 1# - ADDED ENTRY--PERSONAL NAME | |
| Personal name | Dacie, John V. |
| Fuller form of name | (John Vivian), |
| Titles and other words associated with a name | Sir. Practical haematology. |
| 9 (RLIN) | 9594 |
| 942 ## - ADDED ENTRY ELEMENTS (KOHA) | |
| Source of classification or shelving scheme | Library of Congress Classification |
| Koha item type | |
| Withdrawn status | Lost status | Source of classification or shelving scheme | Damaged status | Home library | Current library | Shelving location | Date acquired | Total Checkouts | Full call number | Barcode | Date last seen | Copy number | Price effective from | Koha item type |
|---|---|---|---|---|---|---|---|---|---|---|---|---|---|---|
| Library of Congress Classification | South SEED-LPDH College Library | South SEED-LPDH College Library | South SEED-LPDH College Section | 08/12/2013 | RB 45 .D24 2006 | SSLC0215 | 05/15/2018 | 1 | 08/12/2013 | Books |